Catalog

Record Details

Catalog Search



Three pirates and a duck,lesson in sharing : Veggie Tales values to grow by   Cover Image Book Book

Three pirates and a duck,lesson in sharing : Veggie Tales values to grow by / by Doug Peterson ; illustrated by Robert Vann and Casey Jones.

Peterson, Doug.: (author). Vann, Robert. (Added Author). Jones, Casey. (Added Author).

Summary:

When three pirates and a duck come across a valuable "sea treasure" it's every pirate for himself. Join the "pirates who don't do anything" as they learn that sharing with others can really save the day!

Record details

  • ISBN: 0717299252
  • ISBN: 9780717299256
  • Physical Description: 27 pages : color illustrations ; 29 cm.
  • Publisher: New York : Scholastic, ©2006.
Subject: Sharing > Juvenile fiction.
Conduct of life > Juvenile fiction.
Christian life > Juvenile fiction.
Virtues > Juvenile fiction.
Values > Juvenile fiction.
Duck. > Fiction.
Pirates > Fiction.
Genre: picture books.
Juvenile works
Fiction.

Available copies

  • 1 of 1 copy available at scottsboropl.

Holds

  • 0 current holds with 1 total copy.
Show Only Available Copies
Location Call Number / Copy Notes Barcode Shelving Location Status Due Date
scottsboropl E Veg 32269001286619 Juvenile - Easy Available -

LDR 02906cam a2200673 a 4500
001166861
003SBPL
00520251202102902.0
008061203s2006 nyua j 000 1 eng d
020 . ‡a0717299252
020 . ‡a9780717299256
035 . ‡a(OCoLC)76872538
035 . ‡a(OCoLC)76872538 ‡z(OCoLC)731449615 ‡z(OCoLC)1059211983 ‡z(OCoLC)1305857388 ‡z(OCoLC)1322483979
050 4. ‡aPZ7.P474 ‡bTh 2006
08204. ‡a398.8 ‡b.P4425t
1001 . ‡aPeterson, Doug.: ‡eauthor
24510. ‡aThree pirates and a duck,lesson in sharing : ‡bVeggie Tales values to grow by / ‡cby Doug Peterson ; illustrated by Robert Vann and Casey Jones.
260 . ‡aNew York : ‡bScholastic, ‡c©2006.
300 . ‡a27 pages : ‡bcolor illustrations ; ‡c29 cm.
336 . ‡atext ‡btxt ‡2rdacontent
337 . ‡aunmediated ‡bn ‡2rdamedia
338 . ‡avolume ‡bnc ‡2rdacarrier
4901 . ‡aVeggie Tales values to grow by
520 . ‡aWhen three pirates and a duck come across a valuable "sea treasure" it's every pirate for himself. Join the "pirates who don't do anything" as they learn that sharing with others can really save the day!
650 0. ‡aSharing ‡vJuvenile fiction.
650 0. ‡aConduct of life ‡vJuvenile fiction.
650 0. ‡aChristian life ‡vJuvenile fiction.
650 0. ‡aVirtues ‡vJuvenile fiction.
650 0. ‡aValues ‡vJuvenile fiction.
650 0. ‡aDuck. ‡vFiction.
650 0. ‡aPirates ‡vFiction.
655 7. ‡apicture books.
655 7. ‡aJuvenile works
655 7. ‡aFiction. ‡2lcgft
7001 . ‡aVann, Robert.
7001 . ‡aJones, Casey.
830 0. ‡aVeggie Tales values to grow by.
901 . ‡a166861 ‡bAUTOGEN ‡c166861 ‡tbiblio

Additional Resources